Undang-undang pencen di Malaysia : hingga 10hb Jun 2003 disusun oleh Lembaga Penyelidikan Undang-Undang

Bibliographic Details
Corporate Authors: Malaysia, Lembaga Penyelidikan Undang-Undang
Format: Book
Published: Kuala Lumpur : International Law Book Services , 1998
Series:Undang-undang Malaysia
Subjects:

MARC

LEADER 00000cam a2200000 7i4500
001 0000003142
005 20050218.0
020 0 0 |a 9678913844 
090 0 0 |a 344.59501252   |b MAL 
110 1 0 |a Malaysia 
245 1 0 |a Undang-undang pencen di Malaysia :   |b hingga 10hb Jun 2003 disusun oleh Lembaga Penyelidikan Undang-Undang 
260 0 0 |a Kuala Lumpur :   |b International Law Book Services ,   |c 1998 
300 |a 133ms. ; ;   |c 25cm. 
440 0 0 |a Undang-undang Malaysia 
505 0 0 |a Mengandungi: Akta Pencen (Akta 227) - Peraturan-peraturan Pencen 1980 - Akta Penghitungan Semula Pencen 1980 (Akta 228) - Akta Penyelarasan Pencen 1980 (Akta 238) - Akta Pencen Pihak-pihak Berkuasa Berkanun dan Tempatan 1980 (Akta 239) - Akta Kumpulan Wang Amanah Pencen 1991 (Akta 454) - Peraturan-peraturan Pencen Pihak-pihak Berkuasa Berkanun dan Tempatan 1990 
650 0 0 |a Civil service   |x Pensions   |z Malaysia 
650 0 0 |a Pensions   |x Law and legislation   |z Malaysia 
710 2 1 |a Lembaga Penyelidikan Undang-Undang 
999 |a 0000005836   |b Monograph   |c Open Shelf   |e Default branch